02425nam a2200541 i 450000100060000000300080000600500170001400600190003100700150005000800410006502000270010602000180013303500230015103500240017403500250019803500210022304000310024405000230027508000100029808200150030811101080032324501890043126400540062030000410067433600310071533700330074633800430077949000370082250000220085958801250088159001640100665000550117065000480122565000560127365000490132965000570137865000490143565000650148465000570154965500270160670000390163370000410167270000340171379700190174783000380176685600620180499900170186668476FlNmELB20241217142911.0m o d | cr cnu||||||||150326s2002 mx o 001 0 spa d a9781449275471 (e-book) z9789707012745 a(MiAaPQ)EBC3228193 a(Au-PeEL)EBL3228193 a(CaPaEBR)ebr11028790 a(OCoLC)992107792 aFINmELBbspaerdacFINmELB 4aLC1085b.S471 2002 a33:370 a331.112232 aSeminario Internacional "Politica Microempresarial y Educación Superior"d(2000 :cTijuana, México)10aPotencial de la vinculación universitaria para una política microempresarial :buna perspectiva comparada /cAlejandro Mungaray, Juan Ignacio Palacio, Clemente Ruiz, coordinadores. 1aMéxico, D.F. :bMiguel Ángel Porrúa,c2002. a1 recurso en línea (271 páginas) atextobtxt2rdacontent/spa acomputadorabc2rdamedia/spa arecurso en líneabcr2rdacarrier/spa1 aProblemas educativos de México aIncluye índice. aDescripción basada en recurso en línea; Título de la página del título en PDF (e-libro, visto March 26, 2015). aRecurso electrónico. Santa Fe, Arg.: e-libro, 2015. Disponible vía World Wide Web. El acceso puede estar limitado para las bibliotecas afiliadas a e-libro. 0aBusiness and educationzLatin AmericavCongresses. 0aBusiness and educationzMexicovCongresses. 0aUniversities and collegesxResearchzLatin America. 0aUniversities and collegesxResearchzMexico. 4aNegocios y educaciónzAmérica LatinavCongresos. 4aNegocios y educaciónzMéxicovCongresos. 4aUniversidades y colegiosxInvestigaciónzAmérica Latina. 4aUniversidades y colegiosxInvestigaciónzMéxico. 4aLibros electrónicos.1 aMungaray, Alejandro,ecoordinador.1 aPalacio, Juan Ignacio,ecoordinador.1 aRuiz, Clemente,ecoordinador.2 ae-libro, Corp. 0aProblemas educativos de México.40uhttps://elibro.net/ereader/politecnicointernacional/74955 c68476d68476